Normal view
MARC view
- Project Supervisor Dr. Mohsin Islam Tiwana Co-Supervisor: Ma’am Ayesha Zeb
Entry Corporate Name
001 - CONTROL NUMBER
- control field: 100406
003 - CONTROL NUMBER IDENTIFIER
- control field: NUST
005 - DATE AND TIME OF LATEST TRANSACTION
- control field: 20221017114255.0
008 - FIXED-LENGTH DATA ELEMENTS
- fixed length control field: 221017|| aca||aabn | a|a d
040 ## - CATALOGING SOURCE
- Original cataloging agency: NUST
- Transcribing agency: NUST
110 ## - HEADING--CORPORATE NAME
- Corporate name or jurisdiction name as entry element: Project Supervisor Dr. Mohsin Islam Tiwana Co-Supervisor: Ma’am Ayesha Zeb
670 ## - SOURCE DATA FOUND
- Source citation: Work cat.: (NUST)591854: Manahil Arshad Saeed Kazmi Syed Munawar Mohammad Haris Ehtsham Ul Haq 100405, PR-SOF-2142-Biomimicking Gait Analysis Platform, 2022.
